Biggest Cities in Venezuela Quiz - Statistics

General Stats
  • This quiz has been taken 468 times
  • The average score is 7 of 16
Answer Stats
Population State City % Correct
5,576,000 Capital District Caracas
100%
4,163,670 Zulia Maracaibo
85%
2,585,202 Carabobo Valencia
75%
1,600,000 Lara Barquisimeto
55%
1,302,000 Aragua Maracay
53%
750,000 Anzoátegui Barcelona
51%
291,170 Bolívar Ciudad Bolívar
48%
317,410 Mérida Mérida
47%
946,606 Bolívar Ciudad Guayana
37%
410,967 Monagas Maturín
33%
284,305 Barinas Barinas
28%
374,706 Sucre Cumaná
26%
279,424 Miranda Los Teques
18%
277,017 Falcón Punto Fijo
13%
360,000 Miranda Petare
10%
344,746 Aragua Turmero
5%
No matching quizzes found
Score Distribution
Percent of People with Each Score
Percentile by Number Answered
Your Score History
You have not taken this quiz